Growing Cities in Algeria - Statistics

General Stats
  • This quiz has been taken 9 times
  • The average score is 5 of 10
Answer Stats
Population Population Gained City % Correct
803,329 68,163 Oran
100%
2,364,230 278,018 Algiers
86%
289,504 42,704 Batna
43%
331,779 82,226 Blida
43%
265,833 107,154 Djelfa
43%
186,525 40,004 El Oued
43%
194,461 40,126 Tebessa
43%
145,380 40,622 El Eulma
29%
153,479 38,967 Souk Ahras
29%
93,585 45,589 Aflou
14%
No matching quizzes found
Score Distribution
Percent of People with Each Score
Percentile by Number Answered
Your Score History
You have not taken this quiz